The Baseball Hall of Fame quiz: teams and positions - Statistics

General Stats
  • This quiz has been taken 134 times
    127 since last reset
  • The average score is 7 of 10
Answer Stats
Hint Answer % Correct
Which team has the most hall of famers (all time), with 27 total? Yankees
95%
(") Rays
90%
Which 3 teams have no hall of famers representing them? Marlins
85%
Which field position is the most represented in the hall of fame, with a total of 83? pitcher
83%
Which team has the second most hall of famers, with 25 total? Giants
78%
Which field position is the least represented in the hall of fame (excluding the DH), with just 17 members? Third base
75%
(") Nationals
68%
Which team has only hall of famer representing them? Angels
48%
Of the 5 categories for which one can be elected to the hall of fame, which category does not require a team logo to be chosen by the inductee? umpire
26%
Which year / team had the most future hall of famers on it at the same time (7 total) 1927 Yankees
21%
No matching quizzes found
Score Distribution
Percent of People with Each Score
Percentile by Number Answered
Your Score History
You have not taken this quiz since the last reset